Principles of economics (Record no. 2248)
[ view plain ]
| 000 -LEADER | |
|---|---|
| fixed length control field | 02728nam a22002177a 4500 |
| 020 ## - INTERNATIONAL STANDARD BOOK NUMBER | |
| ISBN | 9780077121693 |
| 020 ## - INTERNATIONAL STANDARD BOOK NUMBER | |
| ISBN | 0077121694 |
| 050 ## - CALL NUMBER | |
| Classification number | HB171.5 |
| Item number | .P93 |
| 100 ## - AUTHOR | |
| Personal name | Moore McDowell |
| 245 ## - TITLE | |
| Title | Principles of economics |
| Statement of responsibility, etc | Moore McDowell |
| 250 ## - EDITION | |
| Edition statement | 2nd European ed |
| 260 ## - PUBLICATION INFORMATION | |
| Place of publication | London : |
| Name of publisher | McGraw-Hill Higher Education, |
| Year of publication | 2009. |
| 300 ## - DESCRIPTION | |
| Number of Pages | xxv, 810 pages : |
| Other physical details | color illus. ; |
| Dimensions | 27 cm |
| 500 ## - NOTES | |
| General note | Includes Index<br/>Previous edition: 2006. |
| 505 ## - FORMATTED CONTENTS NOTE | |
| Table of Content | Part 1: Introduction <br/>Chapter 1:Thinking Like An Economist <br/>Chapter 2:Markets, Specialisation and Economic Efficiency Chapter 3:Markets, Supply, Demand and Elasticity <br/><br/>Part 2: Competition and the 'Invisible Hand' <br/>Chapter 4:Demand: The Benefit Side of the Market <br/>Chapter 5:Perfectly Competitive Supply: the Cost Side of the Market <br/>Chapter 6:Efficiency and Exchange <br/>Chapter 7:Profits, Entry and Exit: the Basis for the 'Invisible Hand' <br/><br/>Part 3: Market Imperfections (1): Market Power <br/>Chapter 8:Imperfect Competition and the Consequences of Market Power <br/>Chapter 9:Thinking Strategically <br/>1: Interdependence, Decision-Making and the Theory of Games Chapter 10:Thinking Strategically <br/>2: Competition among the Few <br/><br/>Part 4: Market Imperfections (2): Externalities, Information, Distribution and the role of the Government in a Market Economy <br/>Chapter 11: Externalities and Property Rights <br/>Chapter 12:The Economics of Information <br/>Chapter 13: Labour Markets, Income Distribution, Wealth and Poverty <br/>Chapter 14:Government in the Market Economy: Regulation and Production of Public Goods and Other Services <br/><br/>Part 5: Macroeconomics; Issues and Data <br/>Chapter 15:Macroeconomics: the Birds-Eye View of the Economy <br/>Chapter 16:Measuring Economics Activity: Gross Domestic Product <br/>Chapter 17: Measuring the Price Level and Inflation <br/>Chapter 18:The Labour Market: Wages and Unemployment <br/><br/>Part 6: The Economy in the Long Run <br/>Chapter 19: Economic Growth, Productivity and Living Standards <br/>Chapter 20: Capital Markets: Saving, Investment and Capital Formation <br/><br/>Part 7: The Economy in the Short Run <br/>Chapter 21:Short Term Economic Fluctuations <br/>Chapter 22:Money and Interest Rates <br/>Chapter 23:The IS-LM Model <br/>Chapter 24: Stabilising the Economy <br/>(1): The Role of Fiscal Policy <br/>Chapter 25: Stabilising the Economy <br/>(2): The Role of Monetary Policy <br/>Chapter 26:Aggregate Demand, Aggregate supply and Information <br/>Chapter 27:Controlling Inflation Part 8: The International Economy <br/>Chapter 28:Exchange Rates, Capital Flows and the Balance of Payments |
| 650 ## - SUBJECTS | |
| Topical Term | Economics. |
| 650 ## - SUBJECTS | |
| Topical Term | Europe -- Economic conditions -- 21st century. |
| 650 ## - SUBJECTS | |
| Topical Term | Economic history |
| 710 ## - OTHER AUTHORS | |
| OTHER AUTHORS | Moore McDowell [and others]. |
| 942 ## - ADDED ENTRY ELEMENTS (KOHA) | |
| Koha item type | Books |
| Withdrawn status | Lost status | Home library | Current library | Shelving location | Date acquired | Full call number | Accession Number | Koha item type |
|---|---|---|---|---|---|---|---|---|
| Methodist University Library Tema | Methodist University Library Tema | General Stacks | 06/06/2016 | HB171.5 .P93 | 2298 | Books |